Library Banner

Malameh ul mujtama ul Muslim/ (Record no. 96776)

MARC details
000 -LEADER
fixed length control field 00417nam a22001577a 4500
005 - DATE AND TIME OF LATEST TRANSACTION
control field 20170809103431.0
008 - FIXED-LENGTH DATA ELEMENTS--GENERAL INFORMATION
fixed length control field 170809b xxu||||| |||| 00| 0 eng d
020 ## - INTERNATIONAL STANDARD BOOK NUMBER
International Standard Book Number 9772250365
040 ## - CATALOGING SOURCE
Transcribing agency PK-LaUMT
082 ## - DEWEY DECIMAL CLASSIFICATION NUMBER
Classification number ZIAC 297
Item number YUS-M
100 ## - MAIN ENTRY--PERSONAL NAME
Personal name Yusuf Al Qarzawi
245 ## - TITLE STATEMENT
Title Malameh ul mujtama ul Muslim/
Statement of responsibility, etc Yusuf Al Qarzawi
260 ## - PUBLICATION, DISTRIBUTION, ETC. (IMPRINT)
Place of publication, distribution, etc قاھرہ:
Name of publisher, distributor, etc مکتبہ وھبۃ،
Date of publication, distribution, etc 1993
300 ## - PHYSICAL DESCRIPTION
Extent 399 ص
942 ## - ADDED ENTRY ELEMENTS (KOHA)
Koha item type Books
Holdings
Withdrawn status Lost status Damaged status Home library Current library Date acquired Full call number Barcode Date last seen Price effective from Koha item type
      UMT Main Campus UMT Main Campus 2017-08-09 ZIAC 297 YUS-M 112392 2017-08-09 2017-08-09 Books